Vista normal
Vista MARC
Entrada Topical Term
Número de registros utilizados en: 1
001 - CONTROL NUMBER
- control field: 1986
003 - CONTROL NUMBER IDENTIFIER
- control field: OSt
005 - DATE AND TIME OF LATEST TRANSACTION
- control field: 20130315165054.0
008 - FIXED-LENGTH DATA ELEMENTS
- fixed length control field: 130315|||a|||||| | ||| d
040 ## - CATALOGING SOURCE
- Original cataloging agency: OSt
- Transcribing agency: OSt
150 ## - HEADING--TOPICAL TERM
- Topical term or geographic name as entry element: FACULTAD DE CIENCIAS MEDICAS, UNIVERSIDAD NACIONAL DE ROSARIO
670 ## - SOURCE DATA FOUND
- Source citation: Work cat.: (OSt): Revista de la Facultad de Ciencias Médicas de la Universidad Nacional de Rosario, 2004